000 00480nam a2200133 a 4500
008 120416s1968 ||||||||||||||||| || u
050 _aSB 472 Dow
100 _aDowden, Gerald
245 1 2 _aA concise guide to landscape gardening
260 _aLondon
_bFrederick Muller
_c1968
300 _a120p. : ill.
350 _a0.00
995 _D0.00
_FCBU-MAIN LIBRARY (Kitwe)
_H1
_I11.75
_M1
_UAVAILABLE
_ZMain Library Open Access Collection
999 _c38362
_d38362